01133nam a2200277 a 450000100060000000300080000600500170001400800410003103500190007204000400009104100080013108200240013910000250016324501330018826000580032130000270037949000580040665000360046465000260050065000490052665000510057583000660062694200120069299900170070495201340072149799BD-RjUL20211209054730.0160822s1941 -us 000 0 eng  a(BD-RjUL)49919 aDLCcOClUdOCoLCdDLCdBD-RjULbeng aeng a371.3223bAPP 1941 aAppy, Nellie914927110aPupils are people :ba report of the Committee on Individual Differences, National Council of Teachers of English /cNellie Appy aNew York :bD. Appleton-Century Company, inc.,cc1941 axiii, 303 p. ;c25 cm.0 aThe National Council of Teachers of English. English 0aDifference (Psychology)9149272 0aIndividuality9149273 0aEnglish languagexStudy and teaching9149274 0aEnglish literaturexStudy and teaching9119018 aThe National Council of Teachers of English. English9149276 2ddccBK c49799d49799 00102ddc40708NFICaRUCLbRUCLcStackd1958-02-12eU.S.I.S. Daccal0o371.3 APP 1941r2016-08-22 00:00:00tC-2w2016-08-22yBK